000
00281nam a22001337a 4500
008
170321b xxu||||| |||| 00| 0 eng d
020
_a
9789531789899
041
_a
srb
080
_a
61
100
_a
4
101
_a
SHM
245
_a
INTERNA MEDICINA
_c
JAKSIC, B
942
_2
udc
_c
BK
999
_c
8193
_d
8193